[Event "Maresme op 16th"]
[Site "Maresme"]
[Date "2019.11.16"]
[Round "6"]
[White "Perez Cardus, Pau"]
[Black "Garcia Martinez, Hector"]
[Result "1/2-1/2"]
[WhiteElo "1168"]
[BlackElo "1578"]
[PlyCount "114"]
[EventDate "2019.09.29"]
[EventType "swiss"]
[EventRounds "8"]
[EventCountry "ESP"]
[SourceTitle "CBM 193 Extra"]
[Source "ChessBase"]
[SourceDate "2020.01.31"]
[SourceVersion "1"]
[SourceVersionDate "2020.01.31"]
[SourceQuality "1"]

1. e4 c6 2. d4 d5 3. Nc3 dxe4 4. Nxe4 Bf5 5. Ng3 Bg6 6. Bf4 Nd7 7. h4 h6 8. Nf3 Ngf6 9. h5 Bh7 10. Qd2 e6 11. Be2 Nd5 12. 0-0 Nxf4 13. Qxf4 Bxc2 14. Rac1 Bh7 15. Rfd1 Be7 16. Ne5 0-0 17. Qf3 Nxe5 18. dxe5 Qa5 19. Rd7 Bg5 20. Rc4 Qb6 21. Qb3 Qxb3 22. axb3 Rab8 23. Rb4 a5 24. Rbxb7 Rxb7 25. Rxb7 Rd8 26. Ra7 Bd2 27. Rc7 Bd3 28. Rxc6 Bxe2 29. Nxe2 Rd5 30. Rd6 Rxd6 31. exd6 Kf8 32. Nd4 Ke8 33. Nb5 Kd7 34. Kf1 Bb4 35. Ke2 Kc6 36. d7 Kxd7 37. Kd3 Kc6 38. Kc4 Bd2 39. Nd4+ Kd6 40. Kb5 Bc1 41. Kxa5 Bxb2 42. Nb5+ Kc6 43. b4 g5 44. Ka6 f5 45. Na7+ Kc7 46. b5 Bd4 47. f3 Bc5 48. Nc6 Bb6 49. Na5 Bxa5 50. Kxa5 Kb7 51. Kb4 Kb6 52. Kc4 f4 53. Kd4 Kxb5 54. Ke5 Kc5 55. Kf6 Kd4 56. Kg6 Ke5 57. Kxh6 Kf6 1/2-1/2

[Event "Maresme op 16th"]
[Site "Maresme"]
[Date "2019.10.26"]
[Round "4"]
[White "Perez Cardus, Pau"]
[Black "Garcia Monreal, Francisco Manuel"]
[Result "1/2-1/2"]
[WhiteElo "1168"]
[BlackElo "1449"]
[PlyCount "68"]
[EventDate "2019.09.29"]
[EventType "swiss"]
[EventRounds "8"]
[EventCountry "ESP"]
[SourceTitle "CBM 193 Extra"]
[Source "ChessBase"]
[SourceDate "2020.01.31"]
[SourceVersion "1"]
[SourceVersionDate "2020.01.31"]
[SourceQuality "1"]

1. e4 e5 2. Bc4 Nf6 3. d4 exd4 4. Nf3 Nc6 5. 0-0 Bc5 6. e5 Ng4 7. Nxd4 Ngxe5 8. Nxc6 Nxc6 9. Re1+ Ne7 10. Bxf7+ Kxf7 11. Qh5+ Ng6 12. Qxc5 d6 13. Qd5+ Kf8 14. Bg5 Qd7 15. Nc3 Qf5 16. Qd2 Bd7 17. Nd5 Kf7 18. Ne7 Qg4 19. h3 Qc4 20. b3 Qc5 21. Nxg6 Kxg6 22. Be3 Qf5 23. g4 Qf3 24. Qd3+ Kf7 25. Qc4+ Kg6 26. Rad1 Rhe8 27. Qxc7 Rxe3 28. Rxe3 Qxd1+ 29. Kh2 Bc8 30. Re8 Qd2 31. Kg3 Qd1 32. Rxc8 Qg1+ 33. Kf3 Qh1+ 34. Kg3 Qg1+ 1/2-1/2

[Event "Maresme op 16th"]
[Site "Maresme"]
[Date "2019.09.29"]
[Round "1"]
[White "Silva Schultze, Luis"]
[Black "Perez Cardus, Pau"]
[Result "1-0"]
[WhiteElo "1659"]
[BlackElo "1168"]
[PlyCount "65"]
[EventDate "2019.09.29"]
[EventType "swiss"]
[EventRounds "8"]
[EventCountry "ESP"]
[SourceTitle "CBM 193 Extra"]
[Source "ChessBase"]
[SourceDate "2020.01.31"]
[SourceVersion "1"]
[SourceVersionDate "2020.01.31"]
[SourceQuality "1"]

1. e4 e5 2. Nf3 Nc6 3. Bb5 Nge7 4. c3 a6 5. Ba4 b5 6. Bc2 d6 7. h3 g6 8. d4 exd4 9. cxd4 d5 10. 0-0 Bg7 11. exd5 Nxd5 12. Re1+ Nde7 13. d5 Nb4 14. d6 Nxc2 15. Rxe7+ Qxe7 16. dxe7 Bf5 17. Qd5 Kxe7 18. Qc5+ Kd7 19. g4 Be4 20. Nbd2 Nxa1 21. Nxe4 Rhe8 22. Qd5+ Ke7 23. Nfg5 Rf8 24. Qc5+ Kd7 25. Bf4 Rac8 26. Qc1 h6 27. Nf3 g5 28. Nc5+ Ke7 29. Qe1+ Kd8 30. Qd1+ Ke7 31. Qd7+ Kf6 32. Be5+ Kg6 33. Qf5# 1-0

[Event "Maresme op 15th"]
[Site "Maresme"]
[Date "2018.11.24"]
[Round "8"]
[White "Perez Cardus, Pau"]
[Black "Torres Julian, Marc"]
[Result "0-1"]
[WhiteElo "1170"]
[BlackElo "1693"]
[PlyCount "86"]
[EventDate "2018.09.29"]
[EventType "swiss"]
[EventRounds "9"]
[EventCountry "ESP"]
[SourceTitle "EXT 2024"]
[Source "ChessBase"]
[SourceDate "2023.10.10"]
[SourceVersion "1"]
[SourceVersionDate "2023.10.10"]
[SourceQuality "1"]

1. e4 e5 2. Bc4 Nf6 3. d4 Nxe4 4. dxe5 c6 5. Bxf7+ Kxf7 6. Qf3+ Nf6 7. exf6 Qxf6 8. Nc3 Bb4 9. Bg5 Re8+ 10. Kf1 Qxf3 11. Nxf3 d5 12. Re1 Rxe1+ 13. Nxe1 Bf5 14. h3 Nd7 15. g4 Bg6 16. Nd3 Ba5 17. b4 Bxd3+ 18. cxd3 Bxb4 19. Bd2 d4 20. Nb1 Bd6 21. h4 Re8 22. Kg2 Nf6 23. f3 Nd5 24. Kh3 Bf4 25. Rd1 Bxd2 26. Rxd2 Re3 27. Kg3 Nb4 28. Rb2 c5 29. a3 Nxd3 30. Rxb7+ Re7 31. Rb3 c4 32. Rb5 c3 33. Nd2 cxd2 34. Rb1 Nb2 35. Rxb2 d1Q 36. f4 Re3+ 37. Kh2 Re2+ 38. Rxe2 Qxe2+ 39. Kg3 d3 40. f5 d2 41. Kf4 d1Q 42. f6 Qd4+ 43. Kf5 Qee5# 0-1

[Event "Maresme op 15th"]
[Site "Maresme"]
[Date "2018.10.20"]
[Round "3"]
[White "Puig Vila, Esteve"]
[Black "Perez Cardus, Pau"]
[Result "1/2-1/2"]
[WhiteElo "1429"]
[BlackElo "1170"]
[PlyCount "82"]
[EventDate "2018.09.29"]
[EventType "swiss"]
[EventRounds "9"]
[EventCountry "ESP"]
[SourceTitle "EXT 2020"]
[Source "ChessBase"]
[SourceDate "2019.10.17"]
[SourceVersion "1"]
[SourceVersionDate "2019.10.17"]
[SourceQuality "1"]

1. e4 e5 2. Nf3 Nc6 3. d4 exd4 4. Nxd4 Bc5 5. Nxc6 bxc6 6. Qf3 d5 7. Bd3 Nf6 8. Bg5 0-0 9. Bxf6 Qxf6 10. Qxf6 gxf6 11. Nd2 Re8 12. 0-0 Rb8 13. Rab1 Bd7 14. a3 a5 15. Kh1 Re7 16. f3 h5 17. Rfe1 h4 18. h3 Rbe8 19. Re2 f5 20. Rbe1 fxe4 21. fxe4 dxe4 22. Bxe4 f5 23. Bd3 Rxe2 24. Rxe2 Rxe2 25. Bxe2 Bf2 26. Nc4 a4 27. Bf3 c5 28. Ne5 Be6 29. Bc6 Bd4 30. Nd3 c4 31. Nf4 Bf7 32. Bxa4 Bxb2 33. Bd7 Bxa3 34. Bxf5 Kg7 35. Be6 Bd6 36. Bxf7 Kxf7 37. Nd5 Ke6 38. Ne3 c3 39. Nd1 Be5 40. Kg1 Kf5 41. Kf2 Kf4 1/2-1/2